000 00301nam a2200097Ia 4500
008 220204s9999 xx 000 0 und d
082 _a332.021.8
_bLAN
245 0 _aLand reform: Defects in agrarian structure as obstacles to economic development
260 _aNew York
_bUnited Nations
_c1951
942 _cBK
999 _c20085
_d20085